You : (Record no. 279)

MARC details
000 -LEADER
fixed length control field 03459cam a2200409 i 4500
005 - DATE AND TIME OF LATEST TRANSACTION
control field 20260322212013.0
008 - FIXED-LENGTH DATA ELEMENTS--GENERAL INFORMATION
fixed length control field data
010 ## - LIBRARY OF CONGRESS CONTROL NUMBER
LC control number 2015458419
020 ## - INTERNATIONAL STANDARD BOOK NUMBER
International Standard Book Number 9781476762241 (pbk.)
040 ## - CATALOGING SOURCE
Original cataloging agency DLC
Language of cataloging eng
Transcribing agency DLC
Description conventions rda
042 ## - AUTHENTICATION CODE
Authentication code pcc
050 00 - LIBRARY OF CONGRESS CALL NUMBER
Classification number RA776.75
Item number .Y64 2015
092 ## - LOCALLY ASSIGNED DEWEY CALL NUMBER (OCLC)
Classification number 613.2 Oz 2015
001 - CONTROL NUMBER
control field data
100 1# - MAIN ENTRY--PERSONAL NAME
Personal name Oz, Mehmet,
Dates associated with a name 1960-
Relator term author.
245 10 - TITLE STATEMENT
Title You :
Remainder of title staying young : the owner's manual for looking good and feeling great /
Statement of responsibility, etc. Mehmet Oz ... [et al.].
250 ## - EDITION STATEMENT
Edition statement First Scribner trade paperback edition.
260 ## - PUBLICATION, DISTRIBUTION, ETC.
Place of publication, distribution, etc. New York :
Name of publisher, distributor, etc. Scribner,
Date of publication, distribution, etc. 2015.
300 ## - PHYSICAL DESCRIPTION
Extent xiii, 418 pages :
Other physical details illustrations ;
Dimensions 24 cm
336 ## - CONTENT TYPE
Content type term text
Content type code txt
Source rdacontent
337 ## - MEDIA TYPE
Media type term unmediated
Media type code n
Source rdamedia
338 ## - CARRIER TYPE
Carrier type term volume
Carrier type code nc
Source rdacarrier
500 ## - GENERAL NOTE
General note Revision of: You / Mehmet C. Oz ... [et al.] ; illustrations by Gary Hallgren.
500 ## - GENERAL NOTE
General note Includes index.
505 0# - FORMATTED CONTENTS NOTE
Formatted contents note Bad genes & short telomeres : how genetics influences aging, and you control your genes -- Develop a memorable memory -- Oxidation & inefficient mitochondria : keep the energy factories of your body running smoothly -- Take the heat off your heart -- Stem cell slowdown : what you can learn, and use, from stem cells to keep your body strong -- Get the best of stress -- Declining defenses : why bacteria and viruses may be your most powerful enemies -- Pump up your vagus and immune system -- Toxins : keep sludge from seeping into your body -- Cancel out cancer --Breathe easy -- Glycosylation : how excess glucose can age you --Don't be pickled by diabetes -- Calorie consumption & slowing sirtuin : understand the ultimate anti-agers -- Get great guts --Neurotransmitter imbalance : how the chemical message system in your brain can age you -- Sleep your way to the top -- Wacky hormones : the natural fluctuations in hormone levels aren't all bad -- Make the most of menopause -- Protect your privates -- No nitric oxide : how your levels of this gas can change your health-- Live the sexy life -- UV radiation : how the sun can nourish or destroy your body -- See the world -- Disuse atrophy : prime the pump to keep he body working well -- Muscle up your bones --Wear & tear : how the body handles the breaking-down process --Hear ye, hear ye -- Unforced errors : why our bodies can't withstand the crazy things that happen in life -- The fourteen-day YOU Extended Warranty Plan -- The YOU toolbox -- YOU getting stronger.
520 ## - SUMMARY, ETC.
Summary, etc. Most of us believe that once we reach 40 or so, we begin the slow and steady decline of our minds and bodies. But according to Drs. Roizen and Oz, aging isn't a decline of our systems--the very biological processes that age us are actually designed to help us when we're younger. At the core of the book are the Major Agers, fourteen biological processes that control your aging. The doctors explain how to fight their effects, and provide a 14-day plan to help you along your path to staying young.--
Assigning source From publisher description.
650 #0 - SUBJECT ADDED ENTRY--TOPICAL TERM
Topical term or geographic name entry element Longevity
Form subdivision Popular works.
650 #0 - SUBJECT ADDED ENTRY--TOPICAL TERM
Topical term or geographic name entry element Aging
General subdivision Prevention
Form subdivision Popular works.
700 1# - ADDED ENTRY--PERSONAL NAME
Personal name Roizen, Michael F.,
Relator term author.
700 1# - ADDED ENTRY--PERSONAL NAME
Personal name Spiker, Ted,
Relator term author.
700 1# - ADDED ENTRY--PERSONAL NAME
Personal name Wynett, Craig,
Relator term author.
700 1# - ADDED ENTRY--PERSONAL NAME
Personal name Oz, Lisa,
Relator term author.
700 1# - ADDED ENTRY--PERSONAL NAME
Personal name Rudberg, Mark A.,
Relator term author.
906 ## - LOCAL DATA ELEMENT F, LDF (RLIN)
a 7
b cbc
c origcop
d 2
e ncip
f 20
g y-gencatlg
925 0# -
-- acquire
-- 1 shelf copy
-- policy default
Holdings
Withdrawn status Lost status Damaged status Not for loan Home library Current library Shelving location Date acquired Total checkouts Full call number Barcode Date last seen Price effective from Koha item type
        Midway Midway General stacks 22/03/2026   RA776.75 .Y64 2015 BC0010288 22/03/2026 22/03/2026 Books